Biblioteca

Desarrollando un rasgo duro y cristiano (Registro nro. 53118)

Detalles MARC
000 -LÍDER
Campo fijo de descripción fija 00991aab a2200217 4500
001 - NÚMERO DE CONTROL
Campo de control 768714001
003 - IDENTIFICADOR DEL NÚMERO DE CONTROL
Campo de control CO-MdFUSB
005 - FECHA Y HORA DE LA ULTIMA TRANSACCIÓN
control field 20240607150931.0
008 - ELEMENTOS DE LONGITUD FIJA -- INFORMACIÓN GENERAL
Campo fijo de descripción fija -- Información general 170511s1994 cr ||||| |||| 00| 0 spa d
022 ## - NÚMERO INTERNACIONAL NORMALIZADO PARA PUBLICACIONES SERIADAS
Número Internacional Normalizado para Publicaciones Seriadas 1409-1968
040 ## - FUENTE DE CATALOGACIÓN
Agencia Catalogadora CO-MdFUSB
Idioma de catalogación spa
Agencia que realiza la transcripción CO-MdFUSB
Agencia que realiza la modificación CO-MdFUSB
041 ## - CÓDIGO DE IDIOMA
Código de idioma para texto/pista de sonido o título separado spa
100 1# - ASIENTO PRINCIPAL--NOMBRE PERSONAL
Nombre personal Brown, Esteban
Término relacionador autor
245 10 - TÍTULO
Título Desarrollando un rasgo duro y cristiano
Mención de responsabilidad / Esteban Brown
300 ## - DESCRIPCIÓN FÍSICA
Extensión Volumen 11. Número 5 (1994), páginas 33-38
Dimensiones : 27 cm.
520 ## - NOTA DE RESUMEN, ETC.
Nota de sumario, etc. En este artículo se habla sobre cómo desarrollar un carácter duro y cristiano sin dejar de ser sensible a la humanidad. Aquí, se nombran algunas características que se deben tener en cuenta al momento de desarrollar este tipo de carácter:<br/>Rasgo duro, basta de ser el bonachon, dejar de complacer a todo el mundo.<br/><br/><br/>
653 ## - TÉRMINO DE INDIZACIÓN - NO CONTROLADO
Término no controlado Carácter cristiano
773 0# - ASIENTO DE ITEM FUENTE
Título Apuntes Pastorales
Biblionumber 49442
Itemnumber 60181
Parte(s) relacionada(s) / Volumen., número. (mes año), páginas Volumen 11. Número 5 (1994), páginas 33-38
Enumeración y primera página Página 33
942 ## - TIPO DE MATERIAL (KOHA)
Tipo de Item KOHA Artículos de Revista
945 ## - INFORMACIÓN LOCAL DEL REGISTRO
Catalogador JTF-925

No hay ítems disponibles.

Biblioteca FUSBC | Teléfono: (57+4) 349 88 10 Ext. 141| WhatsApp (+57) 3005338115 
E-mail: biblioteca@unisbc.edu.co | Calle 76 87-14 Robledo Palenque, Medellín, Colombia

Con tecnología Koha